Most Populated Capital Cities in the Americas - Statistics

General Stats
  • This quiz has been taken 37 times
  • The average score is 9 of 10
Answer Stats
Population City % Correct
21,580,827 Mexico City
100%
5,206,593 Washington D.C.
100%
14,966,530 Buenos Aires
97%
10,390,607 Lima
97%
4,469,585 Brasília
91%
2,934,560 Caracas
91%
6,680,371 Santiago
91%
10,574,409 Bogotá
84%
3,222,199 Asunción
75%
3,172,152 Santo Domingo
72%
No matching quizzes found
Score Distribution
Percent of People with Each Score
Percentile by Number Answered
Your Score History
You have not taken this quiz